Statistics for State Quiz - Iowa

Click here to take the quiz!

General Stats

  • This quiz has been taken 18,651 times
    (15,228 since last reset)
  • The average score is 14 of 20

Answer Stats

HintAnswer% Correct
U.S. states that border IowaIllinois
94%
Iowa is the #1 producer of this cropCorn
93%
U.S. states that border IowaMissouri
93%
Capital cityDes Moines
92%
U.S. states that border IowaNebraska
92%
U.S. states that border IowaSouth Dakota
92%
U.S. states that border IowaMinnesota
91%
River that forms the state's eastern borderMississippi
90%
U.S. states that border IowaWisconsin
87%
Second most populous city{Cedar} Rapids
83%
Every four years, Iowa hosts the nation's first Presidential _____Caucus
78%
Fourth most populous city - named for a Native American group{Sioux} City
77%
This 1928 invention by Otto Frederick Rohwedder was the greatest thing since ... everSliced bread
73%
Movie about a farmer who built a baseball fieldField of Dreams
69%
President born in West Branch in 1874Herbert Hoover
52%
County famous for its covered bridgesMadison County
49%
The University of Iowa has dominated this sport, winning 23 NCAA championshipsWrestling
49%
State nicknameThe {Hawkeye} State
42%
Graduates of this program include Wallace Stegner, Jane Smiley,
and Flannery O'Connor
Iowa {Writers}' Workshop
36%
This Iowa-born scientist doubled wheat yields in India, Pakistan, and Mexico,
saving millions from starvation
Norman Borlaug
17%

Score Distribution

Percentile by Number Answered

Percent of People with Each Score

Your Score History

You have not taken this quiz since the last reset